Catálogo
 En Linea

Catáleg de materials gráfics de 1' Arxiu d' Etnografia i Folklore de Catalunya. (Registro nro. 41304)

Detalles MARC
000 -CABECERA
campo de control de longitud fija 00321nam a2200109 a 4500
005 - FECHA Y HORA DE LA ÚLTIMA TRANSACCIÓN
campo de control 20201002035754.0
008 - DATOS DE LONGITUD FIJA--INFORMACIÓN GENERAL
campo de control de longitud fija 131018s1994 000 spa d
020 ## - NÚMERO INTERNACIONAL ESTÁNDAR DEL LIBRO
Número Internacional Estándar del Libro 8400074246
040 ## - FUENTE DE LA CATALOGACIÓN
Centro catalogador/agencia de origen DO-SdBNP
245 #0 - MENCIÓN DE TÍTULO
Título Catáleg de materials gráfics de 1' Arxiu d' Etnografia i Folklore de Catalunya.
260 ## - PUBLICACIÓN, DISTRIBUCIÓN, ETC.
Lugar de publicación, distribución, etc. Barcelona,
Fecha de publicación, distribución, etc. 1994.

No hay ítems disponibles.

Con tecnología Koha